[Event "Titled Tue 17th Jun Early"]
[Site "chess.com INT"]
[Date "2025.06.17"]
[Round "11"]
[White "Khafizova, Diana"]
[Black "Shapiro, Daniel"]
[Result "1-0"]
[WhiteTitle "WFM"]
[BlackTitle "FM"]
[WhiteElo "2075"]
[BlackElo "2284"]
[WhiteFideId "34378049"]
[BlackFideId "2001780"]
[EventDate "2025.06.17"]

1. d4 Nf6 2. c4 e6 3. Nf3 d5 4. Nc3 Bb4 5. Bg5 dxc4 6. e4 c5 7. e5 cxd4 8. Nxd4
Bxc3+ 9. bxc3 h6 10. exf6 hxg5 11. fxg7 Rg8 12. Bxc4 Rxg7 13. O-O Bd7 14. Re1
Kf8 15. Qb3 b6 16. Qb4+ Qe7 17. Qxe7+ Kxe7 18. Nf5+ Kf6 19. Nxg7 Kxg7 20. Rad1
Bc6 21. Rd6 Kf6 22. f3 Ke7 23. Red1 Be8 24. Rd8 Bc6 25. Rg8 Nd7 26. Rxg5 a6 27.
h4 b5 28. Bd3 Rc8 29. h5 Nf6 30. h6 Bd5 31. h7 Rh8 32. a4 Bc6 33. axb5 axb5 34.
Bxb5 Bxb5 35. Rxb5 Rxh7 36. Rb7+ Kf8 37. Rd8+ Kg7 38. c4 Kg6 39. c5 Kf5 40. c6
Kf4 41. c7 Nh5 42. c8=Q Ng3 43. Qc7+ e5 44. Qc1+ Kf5 45. Kf2 1-0

[Event "Titled Tue 17th Jun Early"]
[Site "chess.com INT"]
[Date "2025.06.17"]
[Round "11"]
[White "Krawczyk, Flawian"]
[Black "Nitish, Belurkar"]
[Result "1-0"]
[WhiteTitle "CM"]
[BlackTitle "IM"]
[WhiteElo "2247"]
[BlackElo "2454"]
[WhiteFideId "21881413"]
[BlackFideId "5084768"]
[EventDate "2025.06.17"]

1. d4 Nf6 2. c4 g6 3. Nc3 d6 4. e4 Bg7 5. Be2 O-O 6. h4 c5 7. d5 e6 8. h5 exd5
9. exd5 Re8 10. h6 Bh8 11. Bg5 a6 12. Kf1 b5 13. cxb5 axb5 14. Bxb5 Ba6 15. a4
Qa5 16. Qd3 Qb4 17. Nge2 c4 18. Qd2 Bxb5 19. Nxb5 Qxb5 20. Bxf6 Bxf6 21. axb5
Rxa1+ 22. Nc1 Rb1 23. g3 Be5 24. Qc2 Rxb2 25. Qxc4 Nd7 26. Nd3 Rd2 27. Kg2 Nb6
28. Qc6 Rc8 29. Qxb6 Rxd3 30. Re1 Rd2 31. Rxe5 dxe5 32. Qf6 1-0

[Event "Titled Tue 17th Jun Early"]
[Site "chess.com INT"]
[Date "2025.06.17"]
[Round "11"]
[White "Panda, Sambit"]
[Black "Jake Shanty"]
[Result "1-0"]
[WhiteTitle "IM"]
[BlackTitle "FM"]
[WhiteElo "2379"]
[BlackElo "2252"]
[WhiteFideId "25091794"]
[BlackFideId "33478066"]
[EventDate "2025.06.17"]

1. d4 d5 2. Nf3 Nf6 3. e3 e6 4. Bd3 b6 5. b3 Bb7 6. Bb2 Nbd7 7. Nbd2 Bd6 8. O-O
O-O 9. Ne5 c5 10. f4 Rc8 11. Qf3 Qc7 12. Qh3 Ne4 13. Nxe4 dxe4 14. Bc4 Nxe5 15.
dxe5 Be7 16. f5 exf5 17. Qxf5 Kh8 18. Bxf7 Rcd8 19. e6 Rd5 20. Qg4 Rg5 21. Qf4
Qxf4 22. exf4 Rd5 23. f5 Rd2 24. f6 gxf6 25. Rxf6 Rxc2 26. Be5 1-0

[Event "Titled Tue 17th Jun Early"]
[Site "chess.com INT"]
[Date "2025.06.17"]
[Round "11"]
[White "Sabatier, Mathis"]
[Black "Yevchenko, Oleksandr"]
[Result "1-0"]
[WhiteTitle "CM"]
[BlackTitle "CM"]
[WhiteElo "2235"]
[BlackElo "2276"]
[WhiteFideId "26029685"]
[BlackFideId "14108267"]
[EventDate "2025.06.17"]

1. d4 Nf6 2. Nf3 d5 3. g3 c5 4. Bg2 Nc6 5. O-O Bf5 6. c4 Nxd4 7. Nxd4 cxd4 8.
Qxd4 dxc4 9. Qxc4 Rc8 10. Qb5+ Bd7 11. Qxb7 e5 12. Nc3 Bc5 13. Bg5 Rb8 14. Qa6
O-O 15. Rad1 Qc8 16. Qa5 Bb4 17. Qxe5 Ng4 18. Qd4 Be6 19. Ne4 h6 20. Bf4 Rb6 21.
h3 f5 22. hxg4 fxe4 23. Qxe4 Bxg4 24. Be3 Re8 25. Qc4+ 1-0

[Event "Titled Tue 17th Jun Early"]
[Site "chess.com INT"]
[Date "2025.06.17"]
[Round "11"]
[White "Terkiewicz, Bruno"]
[Black "Matinian, Nikita"]
[Result "0-1"]
[WhiteTitle "CM"]
[BlackTitle "GM"]
[WhiteElo "2183"]
[BlackElo "2421"]
[WhiteFideId "21093245"]
[BlackFideId "24129100"]
[EventDate "2025.06.17"]

1. e4 c5 2. b4 cxb4 3. a3 bxa3 4. d4 d5 5. exd5 Qxd5 6. Nxa3 Nf6 7. Nb5 Qe4+ 8.
Be2 Nd5 9. Kf1 Bd7 10. Rxa7 Rxa7 11. Nxa7 e6 12. Bf3 Qf5 13. Ne2 Bd6 14. c4 Nb4
15. c5 Bc7 16. Bd2 Qd3 17. Qc1 Nd5 18. Kg1 Qa6 19. Bxd5 exd5 20. Nc3 Qxa7 21.
Nxd5 Bd8 22. Qe1+ Be6 23. Nf4 O-O 24. Nxe6 fxe6 25. Qxe6+ Kh8 26. h4 Qa1+ 27.
Kh2 Qxd4 28. Be3 Qxh4+ 29. Kg1 Qf6 30. Qe4 Qa1+ 31. Kh2 Qa6 32. Kg1 h6 33. Qd4
Bf6 34. Qd6 Qa1+ 35. Kh2 Be5+ 0-1

[Event "Titled Tue 17th Jun Early"]
[Site "chess.com INT"]
[Date "2025.06.17"]
[Round "11"]
[White "Dobre, Claudiu-Cristian"]
[Black "Swara Lakshmi S Nair"]
[Result "1-0"]
[WhiteTitle "IM"]
[BlackTitle "WCM"]
[WhiteElo "2287"]
[BlackElo "2187"]
[WhiteFideId "1211854"]
[BlackFideId "25629239"]
[EventDate "2025.06.17"]

1. d4 Nf6 2. Nf3 g6 3. c4 Bg7 4. Nc3 d5 5. Bf4 O-O 6. Rc1 c5 7. dxc5 Qa5 8. cxd5
Ne4 9. Be5 Bxe5 10. Nxe5 Nxc5 11. Qd4 Nbd7 12. Nxd7 Bxd7 13. e4 e5 14. Qd2 Qb4
15. f3 f5 16. Nb5 Qxd2+ 17. Kxd2 b6 18. Ke3 fxe4 19. fxe4 Rf4 20. Nc3 Raf8 21.
Be2 Bg4 22. Bxg4 Rxg4 23. g3 h5 24. Rcf1 h4 25. Rxf8+ Kxf8 26. Kf3 Rg5 27. gxh4
Rh5 28. Kg4 Ke7 29. Rd1 Nd7 30. d6+ Ke6 31. Nd5 Rh8 32. Nc7+ Kf7 33. Rf1+ Kg7
34. Ne6+ Kh6 35. Rf7 Nc5 36. Nxc5 bxc5 37. Rc7 Rd8 38. d7 a5 39. b3 c4 40. bxc4
a4 41. c5 a3 42. c6 g5 43. Rc8 1-0

[Event "Titled Tue 17th Jun Early"]
[Site "chess.com INT"]
[Date "2025.06.17"]
[Round "11"]
[White "Suvradeepta, Das"]
[Black "Chiang, Jacob"]
[Result "1-0"]
[WhiteTitle "FM"]
[WhiteElo "2230"]
[BlackElo "2006"]
[WhiteFideId "5058031"]
[BlackFideId "30962331"]
[EventDate "2025.06.17"]

1. Nf3 c5 2. e4 d6 3. g3 Nf6 4. Bg2 Nxe4 5. O-O g6 6. d4 Bg7 7. dxc5 Nxc5 8. c4
O-O 9. Nc3 Nc6 10. Be3 Be6 11. Nd5 Rc8 12. Nd4 Nxd4 13. Bxd4 b6 14. Bxg7 Kxg7
15. Qd4+ f6 16. Rfe1 Rf7 17. b4 Bxd5 18. Bxd5 e6 19. Bxe6 Nxe6 20. Rxe6 Qc7 21.
Rc1 Rd8 22. Rd1 Rc8 23. Re4 Qc6 24. Rf4 Qa4 25. Qd2 g5 26. Rd4 h6 27. Re1 a5 28.
bxa5 Qxa5 29. Qxa5 bxa5 30. Re6 Rfc7 31. Rdxd6 Rxc4 32. Rxf6 Ra4 33. Rg6+ Kf7
34. Rdf6+ Ke7 35. Re6+ Kf7 36. Ref6+ Ke7 37. Rxh6 Rxa2 38. Rfg6 Rc5 39. Rg7+ Kf8
40. Ra7 Kg8 41. Rg6+ Kf8 42. Rf6+ Kg8 43. Rb6 Rc8 44. Rg6+ Kf8 45. Rxg5 a4 46.
Rga5 Rc4 47. Kg2 Rcc2 48. Rf5+ Kg8 49. Rf4 a3 50. Rf3 Rd2 51. Raxa3 Rxf2+ 52.
Rxf2 Rxa3 53. Rf4 Kg7 54. h4 Kg6 55. Kh3 Ra1 56. Rb4 Re1 57. Kg4 Re6 58. Rf4 Rb6
59. h5+ Kh6 60. Kh4 Rb5 61. g4 Rb1 62. Rf6+ Kg7 63. Rg6+ Kh7 64. Ra6 Rb5 65.
Ra7+ Kh6 66. g5+ Rxg5 67. Ra6+ Kg7 68. Kxg5 Kf7 69. h6 1-0

[Event "Titled Tue 17th Jun Early"]
[Site "chess.com INT"]
[Date "2025.06.17"]
[Round "11"]
[White "Beyer, Lorenz"]
[Black "Mecit, Emre"]
[Result "1-0"]
[WhiteTitle "CM"]
[WhiteElo "2226"]
[BlackElo "2007"]
[WhiteFideId "16245393"]
[BlackFideId "6304214"]
[EventDate "2025.06.17"]

1. d4 Nf6 2. Bf4 g6 3. Nf3 Bg7 4. h3 d6 5. e3 O-O 6. Be2 Nc6 7. O-O Re8 8. Bh2
Bf5 9. c3 e5 10. a4 e4 11. Nfd2 h5 12. b4 Qd7 13. b5 Ne7 14. Re1 c5 15. bxc6
bxc6 16. Na3 Ned5 17. Qc2 Red8 18. Nac4 Qe7 19. Rab1 Rab8 20. Rxb8 Rxb8 21. Bxd6
Qe8 22. Bxb8 Qxb8 23. Rb1 Qc7 24. Qb3 Kh7 25. Ne5 c5 26. Bc4 cxd4 27. cxd4 Be6
28. Qb7 Qa5 29. Nf1 Qc3 30. Be2 Kg8 31. Qb8+ Kh7 32. Qxa7 Qc2 33. Rb7 Qxe2 34.
Nxf7 Ne8 35. Ng5+ Kh6 36. Nxe6 Bf6 37. Rh7# 1-0

[Event "Titled Tue 17th Jun Early"]
[Site "chess.com INT"]
[Date "2025.06.17"]
[Round "11"]
[White "Wan, Yunguo"]
[Black "Galperin, Platon"]
[Result "1-0"]
[WhiteTitle "GM"]
[BlackTitle "GM"]
[WhiteElo "2501"]
[BlackElo "2500"]
[WhiteFideId "8603189"]
[BlackFideId "14165414"]
[EventDate "2025.06.17"]

1. e4 e5 2. Nf3 Nc6 3. Bc4 Bc5 4. c3 Nf6 5. d4 exd4 6. e5 d5 7. Bb5 Ne4 8. cxd4
Bb6 9. Be3 O-O 10. Nc3 Ne7 11. Bd3 f5 12. exf6 Nxf6 13. h3 Nf5 14. O-O c6 15.
Ne5 Nxe3 16. fxe3 Bc7 17. Nf3 Qe7 18. Qd2 Bd7 19. Rae1 Ne4 20. Nxe4 dxe4 21.
Bc4+ Kh8 22. Ne5 Be6 23. Qc2 Bxe5 24. dxe5 Bxc4 25. Qxc4 Qxe5 26. Qb4 Rxf1+ 27.
Rxf1 h6 28. Qxb7 Rb8 29. Qxc6 Rxb2 30. Qg6 Rb8 31. a4 a5 32. h4 Qe7 33. h5 Qe5
34. Rf4 Rb1+ 35. Kh2 Rb8 36. Kh3 Re8 37. Rf5 Qe7 38. Rf7 Qe6+ 39. Qxe6 Rxe6 40.
Rf5 Rd6 41. Kg3 Rd3 42. Kf4 Rd2 43. g4 Ra2 44. Rxa5 Kh7 45. Kxe4 Rf2 1-0

[Event "Titled Tue 17th Jun Early"]
[Site "chess.com INT"]
[Date "2025.06.17"]
[Round "11"]
[White "Sarveshwaran V"]
[Black "Gales, Randi-Ioan"]
[Result "1-0"]
[WhiteTitle "CM"]
[BlackTitle "CM"]
[WhiteElo "2290"]
[BlackElo "2243"]
[WhiteFideId "25699016"]
[BlackFideId "1285360"]
[EventDate "2025.06.17"]

1. e4 c5 2. d3 Nc6 3. Nd2 g6 4. Ngf3 Bg7 5. g3 e6 6. Bg2 Nge7 7. O-O O-O 8. h4
d5 9. Re1 b5 10. e5 Bb7 11. Nf1 Qb6 12. Bf4 Rfd8 13. Qd2 d4 14. h5 c4 15. Bh6 c3
16. bxc3 dxc3 17. Qg5 Bxh6 18. Qxh6 Nf5 19. Qg5 Ncd4 20. Nxd4 Nxd4 21. Nh2 Bxg2
22. Kxg2 Nxc2 23. Ng4 Nxe1+ 24. Rxe1 Qb7+ 25. Kh2 Rxd3 26. Qh6 f5 27. exf6 c2
28. hxg6 hxg6 29. Qxg6+ Kh8 30. f7 Qxf7 31. Qxf7 Rd1 32. Nf6 c1=Q 33. Qh7# 1-0

[Event "Titled Tue 17th Jun Early"]
[Site "chess.com INT"]
[Date "2025.06.17"]
[Round "11"]
[White "Chen, Yidong"]
[Black "Rubes, Jan"]
[Result "0-1"]
[BlackTitle "IM"]
[WhiteElo "2074"]
[BlackElo "2426"]
[WhiteFideId "8607028"]
[BlackFideId "338176"]
[EventDate "2025.06.17"]

1. e4 c5 2. Nf3 d6 3. d4 cxd4 4. Nxd4 Nf6 5. Nc3 a6 6. Be3 e5 7. Nb3 Be6 8. h3
Nbd7 9. Qf3 Be7 10. g4 O-O 11. g5 Ne8 12. h4 f5 13. exf5 Bxf5 14. O-O-O b5 15.
Nd5 Rc8 16. c3 Kh8 17. Nxe7 Qxe7 18. Qb7 Rc7 19. Qxa6 b4 20. c4 d5 21. Rxd5 Be4
22. Rxd7 Qxd7 23. Rg1 Bg6 24. Nc5 Rxc5 25. Bxc5 Qf5 26. Qa4 Qb1+ 27. Kd2 Nd6 28.
Bxd6 Rxf2+ 29. Ke3 Qe1+ 0-1

[Event "Titled Tue 17th Jun Early"]
[Site "chess.com INT"]
[Date "2025.06.17"]
[Round "11"]
[White "Nakonechnyi, Oleksii"]
[Black "Estrada Nieto, Julian"]
[Result "1-0"]
[WhiteTitle "CM"]
[BlackTitle "IM"]
[WhiteElo "2222"]
[BlackElo "2181"]
[WhiteFideId "34173714"]
[BlackFideId "5101018"]
[EventDate "2025.06.17"]

1. e4 e5 2. Nf3 Nc6 3. Bb5 a6 4. Ba4 Nf6 5. d3 d6 6. O-O g6 7. c3 Bg7 8. Nbd2
O-O 9. Re1 Bd7 10. Nf1 Re8 11. Ng3 b5 12. Bc2 a5 13. Bg5 h6 14. Be3 a4 15. Qd2
Kh7 16. h3 d5 17. exd5 Nxd5 18. Bc5 Be6 19. Rad1 Nf4 20. d4 Bxa2 21. Be4 Bd5 22.
dxe5 Bxe4 23. Qxf4 Bd5 24. Rd2 Ne7 25. Red1 c6 26. Nd4 Qc8 27. h4 Bc4 28. h5 g5
29. Qe4+ Kg8 30. Bd6 Bd5 31. Qb1 Bc4 32. Ne4 Qg4 33. Ng3 Rac8 34. Re1 Nd5 35.
Re4 Qd7 36. Ndf5 Nf4 37. Qd1 Be6 38. Nxg7 Kxg7 39. Bf8+ Rxf8 40. Rxd7 Bxd7 41.
Qxd7 Rfd8 42. Qf5 Ne6 43. Qf6+ Kg8 44. Nf5 Rd1+ 45. Kh2 Rcd8 46. Nxh6+ Kh7 47.
Qxf7+ Kxh6 48. Qxe6+ 1-0

[Event "Titled Tue 17th Jun Early"]
[Site "chess.com INT"]
[Date "2025.06.17"]
[Round "11"]
[White "Ai, Evan"]
[Black "Kukushkin, Ivan"]
[Result "0-1"]
[BlackTitle "CM"]
[WhiteElo "2188"]
[BlackElo "2008"]
[WhiteFideId "2094770"]
[BlackFideId "11634103"]
[EventDate "2025.06.17"]

1. e4 c5 2. Nf3 Nc6 3. d4 cxd4 4. Nxd4 Nf6 5. Nc3 e6 6. Nxc6 bxc6 7. e5 Nd5 8.
Ne4 Qc7 9. f4 Qb6 10. c4 Bb4+ 11. Ke2 f5 12. exf6 Nxf6 13. Be3 Qd8 14. Nd6+ Bxd6
15. Qxd6 Bb7 16. Rg1 Rc8 17. g4 c5 18. g5 Ne4 19. Qe5 O-O 20. Bg2 Rf5 21. Bxe4
Rxe5 22. Bxb7 Rxe3+ 23. Kxe3 Rb8 24. Be4 d5 25. cxd5 exd5 26. Rad1 d4+ 27. Kf3
Rxb2 28. Rc1 Qd6 29. Rb1 Rb6 30. a4 c4 31. a5 Rb4 32. Rxb4 Qxb4 33. Rb1 Qa3+ 34.
Kg4 d3 35. Bd5+ Kf8 36. Bxc4 d2 37. Be2 Qe3 38. Bf3 h5+ 39. gxh6 gxh6 40. Rb8+
Ke7 41. Rb7+ Kd6 42. Rb1 h5+ 43. Kg3 h4+ 44. Kg4 Qf2 45. Rh1 Ke7 46. a6 Kf6 47.
Be4 Qe1 0-1

[Event "Titled Tue 17th Jun Early"]
[Site "chess.com INT"]
[Date "2025.06.17"]
[Round "11"]
[White "Sarkar, Justin"]
[Black "Gubajdullin, Alexei"]
[Result "0-1"]
[WhiteTitle "IM"]
[BlackTitle "FM"]
[WhiteElo "2284"]
[BlackElo "2233"]
[WhiteFideId "2010011"]
[BlackFideId "4141202"]
[EventDate "2025.06.17"]

1. e4 c5 2. Nf3 d6 3. c3 Nf6 4. Bc4 g6 5. O-O Bg7 6. Re1 O-O 7. Bf1 Bg4 8. h3
Bxf3 9. Qxf3 Nc6 10. d3 Nd7 11. Nd2 Rb8 12. Nc4 b5 13. Ne3 b4 14. Bd2 bxc3 15.
bxc3 Rb2 16. Qd1 Qa5 17. Nc4 Rxd2 18. Qxd2 Qxc3 19. Rac1 Qxd2 20. Nxd2 Nb6 21.
Nc4 Nb4 22. a3 Na2 23. Rc2 Nc3 24. Nxb6 axb6 25. Rec1 Na4 26. Rb1 Ra8 27. g3 Bd4
28. Kg2 Kf8 29. h4 Ke8 30. f4 Kd8 31. Kf3 Kc7 32. g4 Ra5 33. Be2 Bg7 34. g5 Nc3
35. Rb3 Nb5 36. Rxb5 Rxb5 37. a4 Rb1 38. Kg2 Ra1 39. Rc4 Bd4 40. h5 Kb7 41. h6
Ka6 42. Bg4 e6 43. f5 exf5 44. exf5 gxf5 45. Bxf5 Rg1+ 46. Kf3 Rxg5 47. Bxh7 Rh5 0-1

[Event "Titled Tue 17th Jun Early"]
[Site "chess.com INT"]
[Date "2025.06.17"]
[Round "11"]
[White "Subervi, Jonathan Sigfredo"]
[Black "Mihajlovskij, Sergei"]
[Result "0-1"]
[WhiteTitle "FM"]
[WhiteElo "2059"]
[BlackElo "2292"]
[WhiteFideId "6400345"]
[BlackFideId "13500805"]
[EventDate "2025.06.17"]

1. e4 d5 2. exd5 Qxd5 3. Nc3 Qe5+ 4. Be2 Bg4 5. d4 Bxe2 6. Ngxe2 Qa5 7. O-O Nf6
8. d5 c6 9. dxc6 Nxc6 10. Ng3 e6 11. Qf3 Be7 12. Bd2 O-O 13. Nce4 Qb6 14. Bc3
Nd4 15. Qd3 Rfd8 16. Nxf6+ Bxf6 17. Ne4 e5 18. Rad1 Rac8 19. Nxf6+ Qxf6 20. f4
Qb6 21. Kh1 Ne6 22. Qf5 exf4 23. Rxd8+ Rxd8 24. h3 Qe3 25. Qg4 h6 26. Re1 Qg3
27. Qf5 Rd7 28. Qb5 f3 29. Rg1 fxg2+ 30. Rxg2 Rd1+ 0-1

[Event "Titled Tue 17th Jun Early"]
[Site "chess.com INT"]
[Date "2025.06.17"]
[Round "11"]
[White "Firouzja, Alireza"]
[Black "Terry, Renato"]
[Result "1-0"]
[WhiteTitle "GM"]
[BlackTitle "IM"]
[WhiteElo "2766"]
[BlackElo "2508"]
[WhiteFideId "12573981"]
[BlackFideId "3803457"]
[EventDate "2025.06.17"]

1. Nf3 d5 2. g3 Nf6 3. Bg2 c6 4. O-O Bg4 5. d3 Nbd7 6. h3 Bh5 7. Nbd2 e5 8. e4
dxe4 9. dxe4 Be7 10. Qe1 O-O 11. Nh4 Re8 12. Nc4 Qc7 13. a4 Rad8 14. Bd2 Nc5 15.
Bc3 Bf8 16. Qe3 b6 17. Kh2 Nfd7 18. Qg5 Be2 19. b3 Bxf1 20. Rxf1 Ne6 21. Qg4 g6
22. Nf5 h5 23. Qh4 f6 24. Nfe3 Bh6 25. Nd5 cxd5 26. exd5 Nd4 27. d6 Qc5 28. Qe4
f5 29. Qb7 e4 30. Rd1 Bf8 31. Bxd4 Qc8 32. Qd5+ Kh7 33. Qf7+ Kh6 34. Be3+ g5 35.
Qxf5 Re5 36. Nxe5 1-0

[Event "Titled Tue 17th Jun Early"]
[Site "chess.com INT"]
[Date "2025.06.17"]
[Round "11"]
[White "Lorans, Sylvain"]
[Black "Gu, Xiaobing"]
[Result "0-1"]
[WhiteTitle "CM"]
[BlackTitle "WGM"]
[WhiteElo "2155"]
[BlackElo "2148"]
[WhiteFideId "605794"]
[BlackFideId "8602611"]
[EventDate "2025.06.17"]

1. d4 Nf6 2. c4 g6 3. Nc3 Bg7 4. e4 d6 5. Be2 O-O 6. Be3 Na6 7. g4 c5 8. g5 Ne8
9. d5 Nac7 10. h4 e6 11. h5 exd5 12. exd5 b5 13. cxb5 a6 14. a4 axb5 15. axb5
Bb7 16. Bc4 Rxa1 17. Qxa1 Bxc3+ 18. bxc3 Nxd5 19. Bxd5 Bxd5 20. Rh4 Ng7 21. c4
Nf5 22. h6 Qa8 23. Qc3 f6 24. Rh3 Bg2 25. Rh2 fxg5 26. Ne2 Qf3 27. Ng3 Rf7 28.
Nxf5 gxf5 29. Kd2 Bf1 0-1

[Event "Titled Tue 17th Jun Early"]
[Site "chess.com INT"]
[Date "2025.06.17"]
[Round "11"]
[White "Redor, Menandro"]
[Black "Emujin Enkh-Amgalan"]
[Result "1-0"]
[BlackTitle "WCM"]
[WhiteElo "2021"]
[BlackElo "2022"]
[WhiteFideId "5222010"]
[BlackFideId "4908023"]
[EventDate "2025.06.17"]

1. e4 c5 2. Nf3 d6 3. d4 cxd4 4. c3 d3 5. Bxd3 Nc6 6. Bc4 e6 7. O-O Nf6 8. Re1
Be7 9. Bf4 e5 10. Bg3 Be6 11. Bxe6 fxe6 12. Qb3 Qc8 13. Nbd2 O-O 14. Rad1 a5 15.
a4 h6 16. Nc4 Qc7 17. Na3 Nd8 18. Nb5 Qc6 19. Nd2 Kh7 20. f3 Nh5 21. Bf2 Nf4 22.
Nc4 Nf7 23. Rd2 Ng5 24. Red1 Nxg2 25. Kxg2 Nxf3 26. Ncxd6 Nxd2 27. Rxd2 Bxd6 28.
Nxd6 Rad8 29. Qxe6 Rxd6 30. Qxd6 Qxe4+ 31. Kf1 Qh1+ 32. Ke2 Qf3+ 33. Ke1 Qh1+
34. Ke2 Qf3+ 35. Ke1 Qe4+ 36. Kd1 Qb1+ 37. Ke2 e4 38. Qxf8 Qa2 39. Qf5+ g6 40.
Rd7+ Kg8 41. Qxg6+ 1-0

[Event "Titled Tue 17th Jun Early"]
[Site "chess.com INT"]
[Date "2025.06.17"]
[Round "11"]
[White "Zhukovskyi, Oleksandr"]
[Black "Emeliantsev, Anatoliy"]
[Result "0-1"]
[WhiteTitle "CM"]
[BlackTitle "FM"]
[WhiteElo "2145"]
[BlackElo "2359"]
[WhiteFideId "14169371"]
[BlackFideId "4160681"]
[EventDate "2025.06.17"]

1. b3 e5 2. Bb2 d6 3. e3 g6 4. c4 Bg7 5. Nc3 Nf6 6. Qc2 O-O 7. O-O-O a5 8. h4
Bf5 9. e4 Be6 10. f3 Nh5 11. Nge2 Nc6 12. g4 Nf4 13. Nxf4 exf4 14. Na4 Nd4 15.
Qd3 c5 16. h5 g5 17. h6 Be5 18. Rh5 f6 19. Be2 Bd7 20. Nc3 a4 21. bxa4 Bxa4 22.
Nxa4 Rxa4 23. a3 Qb6 24. Rf1 Rfa8 25. Bd1 R4a6 26. Bc2 Ne2+ 27. Qxe2 Qxb2+ 28.
Kd1 Rxa3 29. Qd3 Rxd3 30. Bxd3 Ra2 31. Rh2 Bd4 32. Ke2 Qxd2# 0-1

[Event "Titled Tue 17th Jun Early"]
[Site "chess.com INT"]
[Date "2025.06.17"]
[Round "11"]
[White "Sadubayev, Airat"]
[Black "Asensio Ramos, Enrique Fernando"]
[Result "1-0"]
[WhiteTitle "FM"]
[BlackTitle "CM"]
[WhiteElo "2211"]
[BlackElo "2200"]
[WhiteFideId "13713264"]
[BlackFideId "2214172"]
[EventDate "2025.06.17"]

1. d4 Nf6 2. c4 e5 3. dxe5 Ne4 4. a3 d6 5. Qc2 d5 6. e3 Nc6 7. Nf3 Bg4 8. Be2
Bxf3 9. gxf3 Ng5 10. f4 Ne6 11. cxd5 Qxd5 12. O-O O-O-O 13. Nc3 Qd7 14. Rd1 Qe8
15. Rxd8+ Qxd8 16. Bd2 Bc5 17. Rc1 Bb6 18. Be1 Kb8 19. Na4 h5 20. b4 h4 21. b5
Ncd4 22. Qd1 Nxe2+ 23. Qxe2 Rh6 24. Rd1 Rg6+ 25. Kh1 Qe7 26. Bb4 Qe8 27. f5 Rg5
28. fxe6 Rxe5 29. e7 c5 30. Nxb6 1-0

[Event "Titled Tue 17th Jun Early"]
[Site "chess.com INT"]
[Date "2025.06.17"]
[Round "11"]
[White "Bruhovich, Olexandr"]
[Black "Guo, Felix"]
[Result "0-1"]
[WhiteTitle "CM"]
[WhiteElo "2208"]
[BlackElo "2091"]
[WhiteFideId "14119919"]
[BlackFideId "30997550"]
[EventDate "2025.06.17"]

1. e4 e5 2. Nf3 Nf6 3. Nxe5 Nxe4 4. Nc3 Nxc3 5. dxc3 Qe7 6. Qe2 d6 7. Nd3 Qxe2+
8. Bxe2 Be7 9. Be3 Nc6 10. O-O-O O-O 11. Rhe1 Be6 12. Bf3 Bf6 13. a3 Rfe8 14.
Nf4 Bd7 15. Nd5 Bd8 16. Bf4 Rxe1 17. Rxe1 Be6 18. c4 Nd4 19. Bd1 h6 20. h3 a5
21. c3 Nf5 22. g4 Ne7 23. Bf3 Ng6 24. Bg3 Bg5+ 25. Kc2 Rc8 26. b4 axb4 27. cxb4
c6 28. Nb6 Rd8 29. Rd1 Be7 30. Be4 Ne5 31. Kb3 Nxc4 32. Nxc4 d5 33. Bxd5 Bxd5
34. Rd3 b5 0-1

[Event "Titled Tue 17th Jun Early"]
[Site "chess.com INT"]
[Date "2025.06.17"]
[Round "11"]
[White "Castillo Pena, Patricia Evarista"]
[Black "Mafra, Kaiser Luiz"]
[Result "1-0"]
[WhiteTitle "WFM"]
[BlackTitle "CM"]
[WhiteElo "1909"]
[BlackElo "2076"]
[WhiteFideId "6412106"]
[BlackFideId "2106698"]
[EventDate "2025.06.17"]

1. d4 Nf6 2. Nf3 g6 3. Nc3 Bg7 4. e4 d6 5. Be3 O-O 6. Qd2 Ng4 7. Bg5 h6 8. Bh4
g5 9. Bg3 c5 10. O-O-O cxd4 11. Nxd4 Nc6 12. Nf5 Bxf5 13. exf5 Qa5 14. Be2 Nge5
15. f4 Nd7 16. fxg5 hxg5 17. Qxg5 Rac8 18. Rd5 Nc5 19. Bxd6 f6 20. Rxc5 fxg5 21.
Rxa5 Nxa5 22. Bxe7 Rfe8 23. f6 Bf8 24. Bh5 Rxe7 25. fxe7 Bxe7 26. Nd5 Bd6 27.
Rf1 Kg7 28. Rf7+ Kh6 29. g4 Rc5 30. Nf6 Bf4+ 31. Kd1 Rc7 32. Ng8# 1-0

[Event "Titled Tue 17th Jun Early"]
[Site "chess.com INT"]
[Date "2025.06.17"]
[Round "11"]
[White "Tsydypov, Zhamsaran"]
[Black "Puranik, Abhimanyu"]
[Result "0-1"]
[WhiteTitle "GM"]
[BlackTitle "GM"]
[WhiteElo "2514"]
[BlackElo "2622"]
[WhiteFideId "4108566"]
[BlackFideId "5061245"]
[EventDate "2025.06.17"]

1. e4 e5 2. Nf3 Nc6 3. Bc4 Bc5 4. d3 Nf6 5. c3 d6 6. Bg5 h6 7. Bh4 a5 8. a4 Qe7
9. Nbd2 Bd7 10. Nf1 g5 11. Bg3 O-O-O 12. h3 Nh5 13. Bb5 f5 14. exf5 e4 15. dxe4
Qxe4+ 16. Qe2 Qxf5 17. O-O-O Rde8 18. Qc2 Nxg3 19. fxg3 Qf7 20. N1d2 g4 21. hxg4
Bxg4 22. Qb3 Qg6 23. Rdf1 Re3 24. Nc4 Re2 25. Nfd2 Rhe8 26. Bxc6 bxc6 27. Nxa5
Rxd2 28. Qb7+ Kd8 29. Qa8+ Ke7 30. Re1+ Re2 31. Nxc6+ Kd7 0-1

[Event "Titled Tue 17th Jun Early"]
[Site "chess.com INT"]
[Date "2025.06.17"]
[Round "11"]
[White "Goncharov, Vladimir"]
[Black "Lisenkov, Svyatoslav"]
[Result "1-0"]
[BlackTitle "CM"]
[WhiteElo "2077"]
[BlackElo "2283"]
[WhiteFideId "34162256"]
[BlackFideId "34264183"]
[EventDate "2025.06.17"]

1. d4 Nf6 2. c4 g6 3. Nc3 Bg7 4. e4 O-O 5. h3 d6 6. Be3 c5 7. Nf3 cxd4 8. Nxd4
Nc6 9. Be2 Bd7 10. O-O Rc8 11. Qd2 Re8 12. Rfd1 Qa5 13. Rac1 Nxd4 14. Bxd4 Be6
15. b3 a6 16. Bxf6 Bxf6 17. Nd5 Qxd2 18. Nxf6+ exf6 19. Rxd2 d5 20. exd5 Bxd5
21. Bg4 Be6 22. Bxe6 Rxe6 23. Rd7 b6 24. Kf1 Rce8 25. Rcd1 f5 26. Rd8 Rxd8 27.
Rxd8+ Kg7 28. Ra8 a5 29. c5 bxc5 30. Rxa5 Rc6 31. Ke2 c4 32. b4 c3 33. Kd1 Rd6+
34. Kc2 Rd2+ 35. Kxc3 Rxf2 36. b5 Rxg2 37. b6 Rg1 38. Rb5 Rc1+ 39. Kd2 Rc8 40.
b7 Rb8 41. a4 Kf6 42. a5 Ke6 43. a6 Kd6 44. a7 Kc7 45. axb8=Q+ Kxb8 46. Ke3 h5
47. Kf4 h4 48. Kg5 f4 49. Kxf4 f6 50. Kg4 f5+ 51. Kxh4 f4 52. Kg4 g5 53. Kxg5 f3
54. Rb1 f2 55. h4 f1=Q 56. Rxf1 Kxb7 57. h5 1-0